000 00691nam a2200205Ia 4500
003 GCL
008 140319s9999 xx 000 0 ara d
040 _aGCL /
_cGCL
082 0 4 _a863
_bس ص
100 1 _aسوليس، رامون
245 1 0 _aصياح الدجاجة /
_cسوليس، رامون
700 1 _aمحمود على مكى
260 _a[S.N] :
_bالهيئة المصرية العامة للكتاب ،
_c1984
300 _a292 ص
490 _aالابداع العالمى
_v0
650 0 4 _aالقصة الاسبانية المترجمة
650 0 4 _aالادب العربى المترجم
650 0 4 _aالادب الاسبانى المترجم
942 _2ddc
_cBK
999 _c29856
_d29856